Etiqueta de registo: 00254nam 2200025 450
001 2285428
003 http://id.bnportugal.gov.pt/bib/catbnp/2285428
010 ## $a978-989-679-995-3
021 ## $aPT$b512415/23
100 ## $a20260428d2023 c y0pory01030103ba
101 1# $apor
102 ## $aPT
105 ## $aa z 000fy
106 ## $ar
200 1# $a Um ano no bosque$ftexto e il. Alice Melvin$gtrad. e adapt. Carina Mariais
205 ## $a1ª ed
210 #9 $aLisboa$cEdicare,$d2023
215 ## $a1 v.$cil.$d31 cm
675 ## $a087.5$vBN$zpor$3287999
675 ## $a821.111-93"20"$vBN$zpor$31119373
700 #1 $aMelvin,$bAlice$31997169
702 #1 $aMariais,$bCarina$4730$31905958
801 #0 $aPT$bBN$gRPC
966 ## $lBN$mFGMON$sP. 6101 A.$x1
966 ## $lBN$mFGMON$sP. 6101 A.-D $x1
971 ## $cssilva$d20260428
973 ## $cmlsousa$d20260601